| 000 | 01870nam a22003257a 4500 | ||
|---|---|---|---|
| 001 | 21132705 | ||
| 005 | 20231121085237.0 | ||
| 008 | 231121b |||||||| |||| 00| 0 eng d | ||
| 010 | _a 2019035968 | ||
| 020 |
_a9781119577720 _q(paperback) |
||
| 040 |
_aDLC _beng _erda _cKMU _dKMU |
||
| 042 | _apcc | ||
| 050 | 0 | 0 | _aHF 5635 |
| 100 | 1 |
_aJiambalvo, James, _d1948- _eauthor. |
|
| 245 | 1 | 0 |
_aManagerial accounting / _cJames Jiambalvo, University of Washington. |
| 250 | _aSeventh edition. | ||
| 263 | _a1111 | ||
| 264 | 1 |
_aHoboken, New Jersey : _bWiley, _c2001. |
|
| 300 |
_a198 pages : _c28 cm. |
||
| 336 |
_atext _btxt _2rdacontent |
||
| 337 |
_aunmediated _bn _2rdamedia |
||
| 338 |
_avolume _bnc _2rdacarrier |
||
| 500 | _aIncludes index. | ||
| 520 |
_a"This book is intended to drive home the fundamental ideas of managerial accounting and motivate students to actually want to study the subject. As you will see, the text has a number of unique features that help accomplish these goals. Based on my teaching experience and from what we have heard from professors using the previous editions, we believe students and professors want a textbook that: Recognizes that most students will become managers, not accountants Focuses attention on decision making Stresses the fact that "You Get What You Measure" Motivates students to learn managerial accounting by connecting concepts and techniques to the real world Recognizes the importance of service businesses Is clear, concise and current"-- _cProvided by publisher. |
||
| 650 | 0 | _aManagerial accounting. | |
| 776 | 0 | 8 |
_iOnline version: _aJiambalvo, James, _tManagerial accounting _bSeventh edition. _dHoboken, New Jersey : Wiley, 2019. |
| 906 |
_a0 _bvip _corignew _d1 _eecip _f20 _gy-gencatlg |
||
| 942 |
_2lcc _cBK _n0 |
||
| 999 |
_c859 _d859 |
||